[Event "Winnipeg TNT 2023.05"]
[Site "Winnipeg CAN"]
[Date "2023.05.16"]
[Round "3.9"]
[White "Nouri, Basir"]
[Black "Balamanage, Dineth"]
[Result "1-0"]
[WhiteElo "1265"]
[BlackElo "1224"]
[PlyCount "95"]
[EventDate "2023.05.02"]
[EventType "swiss"]
[EventRounds "5"]
[EventCountry "CAN"]

1. e4 c5 2. d4 cxd4 3. Qxd4 Nc6 4. Qd1 Nf6 5. Bd3 e6 6. Nf3 Bc5 7. O-O O-O 8.
a3 a5 9. c3 d6 10. Nbd2 e5 11. Nb3 Be6 12. Nxc5 dxc5 13. Qc2 Qc7 14. b3 Bg4 15.
Nd2 Qb6 16. Nc4 Qc7 17. Bg5 Qe7 18. Nb6 Rad8 19. Bb5 Na7 20. Bc4 Qd6 21. Bxf6
Qxf6 22. Nd5 Qd6 23. f3 Be6 24. Rfd1 b5 25. Ne3 Qb6 26. Bxe6 Qxe6 27. Nd5 f5
28. exf5 Qxf5 29. Ne7+ Kh8 30. Nxf5 Rxd1+ 31. Rxd1 Nc6 32. Rd7 g6 33. Nh6 Rc8
34. Qe4 b4 35. cxb4 cxb4 36. axb4 axb4 37. Nf7+ Kg8 38. Qd5 Kg7 39. Nd6+ Kf6
40. Qf7+ Kg5 41. Nxc8 e4 42. Rd5+ Kh6 43. Ne7 Nxe7 44. Qxe7 exf3 45. Qh4+ Kg7
46. Rd7+ Kf8 47. Qe7+ Kg8 48. Qg7# 1-0

[Event "Winnipeg TNT 2023.05"]
[Site "Winnipeg CAN"]
[Date "2023.05.16"]
[Round "4.1"]
[White "Dhillon, Iqvinder"]
[Black "Bince, Rolando"]
[Result "1-0"]
[WhiteElo "1761"]
[BlackElo "1446"]
[Annotator "aboro"]
[PlyCount "59"]
[EventDate "2023.05.02"]
[EventType "swiss"]
[EventRounds "5"]
[EventCountry "CAN"]

1. b3 Nf6 {A01 Nimzo-Larsen Attack: Indian Variation} 2. Bb2 d5 3. e3 Bg4 4.
Be2 Qd7 5. Nf3 Nc6 6. d4 Bxf3 7. Bxf3 e6 8. Nd2 Bd6 9. e4 dxe4 10. Nxe4 Nxe4
11. Bxe4 O-O 12. Qf3 f5 13. Bxc6 bxc6 14. O-O Rae8 15. Rfe1 Bb4 16. c3 Be7 17.
Re2 Rf6 18. Rae1 Rg6 19. Bc1 h6 20. Bf4 Bd6 21. Be5 Kh7 22. Qe3 a5 23. f4 Bxe5
24. Qxe5 Qd6 25. Qe3 h5 26. Qf3 Kh6 27. Re5 a4 28. Rxf5 exf5 29. Rxe8 axb3 30.
Rh8# 1-0

[Event "Winnipeg TNT 2023.05"]
[Site "Winnipeg CAN"]
[Date "2023.05.16"]
[Round "4.2"]
[White "Badejo, Femi"]
[Black "Rutter, Blair"]
[Result "0-1"]
[WhiteElo "1747"]
[BlackElo "1853"]
[PlyCount "138"]
[EventDate "2023.05.02"]
[EventType "swiss"]
[EventRounds "5"]
[EventCountry "CAN"]

1. b3 e5 2. Bb2 d6 3. Nf3 f5 4. e3 Nf6 5. Bc4 Nc6 6. d4 e4 7. Ng1 d5 8. Be2 Be7
9. c4 Be6 10. Nh3 O-O 11. Nf4 Bf7 12. Nc3 Bb4 13. O-O Ne7 14. Na4 Bd6 15. c5
Bxf4 16. exf4 Kh8 17. Bc1 Be6 18. h3 Qe8 19. Be3 Bd7 20. Nc3 Rc8 21. a4 a5 22.
Nb5 Nc6 23. Nc3 Nb4 24. Na2 Nc6 25. Qd2 Ra8 26. Qd1 Qf7 27. Rb1 Rfb8 28. Ra1 b6
29. Rc1 Rd8 30. Nc3 Nb4 31. Nb5 Bxb5 32. axb5 Rac8 33. Bd2 bxc5 34. Rxc5 Nd7
35. Bxb4 axb4 36. Rxd5 Qxd5 37. Qd2 Qd6 38. Rc1 Nb6 39. Rc6 Qxd4 40. Qe1 Qd2
41. Qf1 Rd6 42. Rc1 Qxf4 43. g3 Qe5 44. Qe1 h6 45. Qxb4 e3 46. f4 Qe7 47. Qc5
Re6 48. Qxf5 Qf6 49. Qc5 Qb2 50. Rc2 Qxb3 51. Kf1 Qd5 52. Qxd5 Nxd5 53. Bg4
Rce8 54. Bxe6 Rxe6 55. Ke2 Kg8 56. Rc5 Rd6 57. b6 cxb6 58. Rc8+ Kf7 59. Rb8 g6
60. Rh8 h5 61. Rb8 b5 62. Kf3 Rb6 63. Rd8 Ke6 64. Rg8 Ke7 65. Rc8 b4 66. Rc2
Kd6 67. Ke4 e2 68. Rc1 b3 69. Kf3 b2 0-1

[Event "Winnipeg TNT 2023.05"]
[Site "Winnipeg CAN"]
[Date "2023.05.16"]
[Round "4.3"]
[White "Odeyemi, Emmanuel"]
[Black "Letain, Cory"]
[Result "0-1"]
[WhiteElo "1446"]
[BlackElo "1743"]
[PlyCount "122"]
[EventDate "2023.05.02"]
[EventType "swiss"]
[EventRounds "5"]
[EventCountry "CAN"]

1. e4 e6 2. Nf3 c5 3. d3 Nc6 4. g3 Be7 5. Bg2 Nf6 6. O-O d6 7. Re1 O-O 8. Nc3
Rb8 9. Bg5 b5 10. a3 a5 11. e5 Nxe5 12. Nxe5 dxe5 13. Rxe5 Qd4 14. Bxf6 Bxf6
15. Re4 Qd7 16. Rb1 Bb7 17. Re1 b4 18. Bxb7 bxc3 19. Be4 Rxb2 20. Qh5 g6 21.
Qxc5 Bd4 22. Qxa5 Rxc2 23. Rf1 Rb2 24. Rbc1 Rfb8 25. h4 Qd6 26. Qg5 R8b5 27.
Qf4 Qxf4 28. gxf4 Rh5 29. Kg2 Ra5 30. Ra1 Rd2 31. Rad1 Rxa3 32. Rxd2 cxd2 33.
Kf3 f5 34. Bc6 Rxd3+ 35. Ke2 d1=Q+ 36. Rxd1 Rxd1 37. Kxd1 Bxf2 38. Ke2 Bxh4 39.
Kf3 Kf7 40. Bb7 Kf6 41. Bc6 h6 42. Bb7 g5 43. fxg5+ hxg5 44. Bc6 e5 45. Be8 g4+
46. Kg2 Kg5 47. Bb5 f4 48. Bd3 f3+ 49. Kh2 Kf4 50. Kg1 e4 51. Bc4 e3 52. Kf1
Kg3 53. Ba6 Kh2 54. Be2 fxe2+ 55. Kxe2 g3 56. Kf3 g2 57. Kg4 e2 58. Kxh4 e1=Q+
59. Kg5 g1=Q+ 60. Kf4 Qgf1+ 61. Kg5 Qg3+ 0-1

[Event "Winnipeg TNT 2023.05"]
[Site "Winnipeg CAN"]
[Date "2023.05.23"]
[Round "4.4"]
[White "Kumbharathi, Harsha"]
[Black "Repaka, Prabhav"]
[Result "1/2-1/2"]
[WhiteElo "1558"]
[BlackElo "1400"]
[PlyCount "59"]
[EventDate "2023.05.02"]
[EventType "swiss"]
[EventRounds "5"]
[EventCountry "CAN"]

1. e4 e5 2. Nc3 Nf6 3. f4 d6 4. fxe5 dxe5 5. Nf3 Nc6 6. Bb5 Bd6 7. Bxc6+ bxc6
8. Qe2 a5 9. d3 h6 10. Be3 Ng4 11. O-O Nxe3 12. Qxe3 Qe7 13. a3 Ba6 14. Qd2 O-O
15. Rfe1 c5 16. Nd5 Qd8 17. c4 c6 18. Ne3 Bc8 19. Rf1 Bc7 20. a4 Rb8 21. Rab1
Be6 22. Qc3 Qd6 23. Rfd1 Rfd8 24. Rd2 Rb4 25. b3 Rdb8 26. Kf2 g6 27. Rdd1 Qe7
28. Rf1 Qd6 29. Rfd1 Qe7 30. Rf1 1/2-1/2

[Event "Winnipeg TNT 2023.05"]
[Site "Winnipeg CAN"]
[Date "2023.05.23"]
[Round "4.5"]
[White "Roberts, Allan"]
[Black "Schwartz, Elazar"]
[Result "0-1"]
[WhiteElo "1369"]
[BlackElo "1085"]
[PlyCount "108"]
[EventDate "2023.05.02"]
[EventType "swiss"]
[EventRounds "5"]
[EventCountry "CAN"]

1. e4 e6 2. d4 d5 3. Nc3 Nf6 4. e5 Ng8 5. Nf3 c5 6. Ne2 Nc6 7. c3 Qc7 8. Ng3
Bd7 9. Bd3 O-O-O 10. O-O Kb8 11. Ng5 Be8 12. Be3 cxd4 13. cxd4 Qb6 14. Bxh7
Qxb2 15. Qb3 Qxb3 16. axb3 Be7 17. Rfd1 Bxg5 18. Bxg5 Rxh7 19. Bxd8 Nxd8 20.
Rac1 f6 21. Rc3 Nc6 22. Rdc1 Nge7 23. Ne2 fxe5 24. dxe5 Nxe5 25. Nd4 Bd7 26. f4
N5c6 27. Nf3 Rh8 28. Ne5 Nxe5 29. fxe5 Rc8 30. Rxc8+ Bxc8 31. Kf2 Ng6 32. Re1
Bd7 33. g3 Kc7 34. h4 Kb6 35. h5 Ne7 36. g4 Kb5 37. g5 Nf5 38. Rh1 Kb4 39. h6
gxh6 40. gxh6 Nxh6 41. Rxh6 Kxb3 42. Ke3 a5 43. Kd4 a4 44. Rh3+ Kb4 45. Rh1 Bc6
46. Rb1+ Ka5 47. Ra1 Bb5 48. Kc5 Bc4 49. Rb1 b5 50. Rh1 a3 51. Rh8 Ka4 52. Re8
a2 53. Rxe6 Kb3 54. Re8 a1=Q 0-1

[Event "Winnipeg TNT 2023.05"]
[Site "Winnipeg CAN"]
[Date "2023.05.16"]
[Round "4.6"]
[White "Trueman, Francis"]
[Black "De Meyer, Oliver"]
[Result "0-1"]
[WhiteElo "1433"]
[BlackElo "1619"]
[PlyCount "75"]
[EventDate "2023.05.02"]
[EventType "swiss"]
[EventRounds "5"]
[EventCountry "CAN"]

1. e4 c6 2. d3 d5 3. Nd2 dxe4 4. dxe4 e5 5. Ngf3 Bg4 6. g3 Nd7 7. Bg2 Ngf6 8.
O-O Bc5 9. Re1 Qb6 10. Qe2 O-O-O 11. a4 h5 12. Nc4 Qc7 13. h4 Nb6 14. Nxb6+
Bxb6 15. b4 Rd4 16. a5 Rxe4 17. Qf1 Bxf3 18. axb6 Bxg2 19. bxc7 Bxf1 20. Rxe4
Nxe4 21. Kxf1 a6 22. Bb2 f6 23. Re1 Nd2+ 24. Ke2 Nc4 25. Bc3 Kxc7 26. Kf3 b5
27. Ke4 Nd6+ 28. Ke3 Re8 29. Ra1 Kb6 30. Rd1 Nc4+ 31. Ke4 g6 32. Kf3 f5 33. Kg2
e4 34. Rd7 e3 35. Bd4+ c5 36. Bxc5+ Kc6 37. Rd6+ Nxd6 38. Bxe3 0-1

[Event "Winnipeg TNT 2023.05"]
[Site "Winnipeg CAN"]
[Date "2023.05.23"]
[Round "4.7"]
[White "Bonness, Will"]
[Black "Nouri, Basir"]
[Result "1-0"]
[WhiteElo "1912"]
[BlackElo "1265"]
[PlyCount "69"]
[EventDate "2023.05.02"]
[EventType "swiss"]
[EventRounds "5"]
[EventCountry "CAN"]

1. e4 e5 2. Nf3 d6 3. d4 exd4 4. Nxd4 Nf6 5. Nc3 c6 6. h3 Be7 7. Be3 Qa5 8. Bd3
Nbd7 9. Nf5 Bf8 10. O-O Ne5 11. Ng3 Be7 12. Be2 Be6 13. Qd2 Bc4 14. Nf5 Bf8 15.
Rfd1 Rd8 16. Bg5 Bxe2 17. Qxe2 b5 18. a3 Nc4 19. Rab1 Qc7 20. a4 a6 21. axb5
cxb5 22. Nd5 Qb7 23. Nxf6+ gxf6 24. Bxf6 Rg8 25. Bxd8 Kxd8 26. b3 Ne5 27. Nxd6
Bxd6 28. Rxd6+ Kc8 29. Rbd1 f5 30. R1d5 Ng6 31. Qd3 Qc7 32. Rd7 Qb6 33. Qc3+
Kb8 34. R5d6 Qxd6 35. Rxd6 1-0

[Event "Winnipeg TNT 2023.05"]
[Site "Winnipeg CAN"]
[Date "2023.05.23"]
[Round "4.8"]
[White "Liu, Shawn"]
[Black "March, John"]
[Result "1-0"]
[WhiteElo "1565"]
[BlackElo "1406"]
[PlyCount "79"]
[EventDate "2023.05.02"]
[EventType "swiss"]
[EventRounds "5"]
[EventCountry "CAN"]

1. e4 c6 2. d4 d5 3. exd5 cxd5 4. Nf3 Nf6 5. Nc3 Bf5 6. Bd3 Bxd3 7. Qxd3 g6 8.
O-O Bg7 9. Qb5+ Qd7 10. Qxd7+ Nbxd7 11. Re1 e6 12. Bf4 O-O 13. Rac1 a6 14. a4
Rac8 15. Na2 Rc6 16. Nd2 Rfc8 17. c3 Nb6 18. Nb4 Nxa4 19. Nxc6 Rxc6 20. Rc2 Nb6
21. Rec1 Nc4 22. Nxc4 Rxc4 23. b3 Rc8 24. c4 Bf8 25. cxd5 Rxc2 26. Rxc2 Nxd5
27. Be5 f6 28. Bg3 Kg7 29. Kf1 g5 30. Ke2 Kg6 31. h4 h6 32. hxg5 hxg5 33. Rc8
Bb4 34. Rd8 Kf5 35. Kd3 Nf4+ 36. Bxf4 Kxf4 37. Rb8 b5 38. Rb6 Be1 39. Rxe6 Kf5
40. Rxe1 1-0

[Event "Winnipeg TNT 2023.05"]
[Site "Winnipeg CAN"]
[Date "2023.05.30"]
[Round "5.1"]
[White "Bince, Rolando"]
[Black "Rutter, Blair"]
[Result "1-0"]
[WhiteElo "1855"]
[BlackElo "1853"]
[PlyCount "157"]
[EventDate "2023.05.02"]
[EventType "swiss"]
[EventRounds "5"]
[EventCountry "CAN"]

1. e4 e6 2. d4 d5 3. e5 c5 4. c3 Nc6 5. a3 Bd7 6. Nf3 Rc8 7. Bd3 Nge7 8. O-O
Qb6 9. dxc5 Qxc5 10. b4 Qb6 11. Be3 Qc7 12. Re1 Ng6 13. Bxg6 hxg6 14. Bg5 Be7
15. Qd2 Qd8 16. a4 Bxg5 17. Nxg5 a6 18. Na3 Qe7 19. f4 Kf8 20. Nc2 f6 21. Nf3
Qf7 22. Qe3 Ne7 23. Ncd4 Nf5 24. Nxf5 gxf5 25. exf6 Qxf6 26. Ne5 Be8 27. b5 Qe7
28. bxa6 bxa6 29. Nf3 Rh6 30. Nd4 Qf6 31. Nxe6+ Kg8 32. Nd4 Bf7 33. Rab1 Re8
34. Qf2 Re4 35. Rb8+ Kh7 36. Nf3 Rxf4 37. Qg3 Rg4 38. Qe5 Rxa4 39. Qxf6 Rxf6
40. Rb7 Re4 41. Ng5+ Kg6 42. Nxe4 dxe4 43. Reb1 Bc4 44. R1b6 f4 45. g3 f3 46.
Rxf6+ Kxf6 47. Kf2 g5 48. Ke3 Kf5 49. h3 Bf1 50. g4+ Ke5 51. Re7+ Kf6 52. Rxe4
Bxh3 53. Kxf3 Bf1 54. Ke3 Bg2 55. Ra4 Bb7 56. Ra5 Bc8 57. Kf3 Bb7+ 58. Kg3 Bc8
59. Rc5 Bb7 60. Rf5+ Kg6 61. c4 Be4 62. Re5 Bd3 63. c5 Kf6 64. Rd5 Bb5 65. Rd6+
Ke7 66. Rg6 Kd7 67. Rxg5 Kc6 68. Kf2 a5 69. Ke3 a4 70. Kd4 a3 71. Rg6+ Kc7 72.
Rg7+ Kb8 73. Kc3 a2 74. Kb2 Bc4 75. g5 Bd5 76. g6 Bc4 77. Rf7 Bd5 78. Re7 Bc4
79. g7 1-0

[Event "Winnipeg TNT 2023.05"]
[Site "Winnipeg CAN"]
[Date "2023.05.30"]
[Round "5.2"]
[White "De Meyer, Oliver"]
[Black "Letain, Cory"]
[Result "1/2-1/2"]
[WhiteElo "1619"]
[BlackElo "1743"]
[PlyCount "85"]
[EventDate "2023.05.02"]
[EventType "swiss"]
[EventRounds "5"]
[EventCountry "CAN"]

1. d4 Nf6 2. Bf4 e6 3. e3 a6 4. c3 d5 5. Nf3 b5 6. a3 Bd6 7. Ne5 Bxe5 8. Bxe5
Nbd7 9. Bf4 h6 10. h4 Ne4 11. Bd3 Ndf6 12. Nd2 Nxd2 13. Qxd2 Nh5 14. e4 Nxf4
15. Qxf4 Qe7 16. O-O Bb7 17. exd5 Bxd5 18. Be4 Bxe4 19. Qxe4 O-O 20. g3 Qd6 21.
Rad1 f5 22. Qe5 f4 23. Qxd6 cxd6 24. Rfe1 Rae8 25. Re2 e5 26. Rde1 fxg3 27.
fxg3 Rf5 28. Re4 h5 29. Kg2 Kf7 30. a4 Ke6 31. g4 hxg4 32. Rxg4 Re7 33. dxe5
dxe5 34. Rg6+ Rf6 35. Rg5 Kd5 36. axb5 axb5 37. b3 g6 38. Rd1+ Kc6 39. c4 bxc4
40. bxc4 Ree6 41. Rd5 Rf4 42. Rdxe5 Rxe5 43. Rxe5 1/2-1/2

[Event "Winnipeg TNT 2023.05"]
[Site "Winnipeg CAN"]
[Date "2023.05.30"]
[Round "5.3"]
[White "Repaka, Prabhav"]
[Black "Badejo, Femi"]
[Result "0-1"]
[WhiteElo "1400"]
[BlackElo "1747"]
[PlyCount "72"]
[EventDate "2023.05.02"]
[EventType "swiss"]
[EventRounds "5"]
[EventCountry "CAN"]

1. e4 d6 2. d4 Nd7 3. c4 e5 4. d5 Ngf6 5. Nc3 Nc5 6. Qc2 a5 7. Be3 b6 8. h3 Bd7
9. Nf3 Be7 10. Be2 O-O 11. O-O h6 12. Bxc5 bxc5 13. Nh2 Nh7 14. Bd3 Bh4 15. Ne2
Ng5 16. Ng3 g6 17. Be2 Qc8 18. Ng4 f5 19. exf5 h5 20. Ne3 gxf5 21. Nxh5 Ne4 22.
Bf3 Qe8 23. Bxe4 Qxh5 24. Bf3 Qg6 25. g3 e4 26. Bg2 Bf6 27. Nd1 Bd4 28. Kh1
Rae8 29. Kh2 f4 30. gxf4 Rxf4 31. Rg1 Kf7 32. Bf1 Qf5 33. Rg2 Rh8 34. Qb3 Rxh3+
35. Qxh3 Qxh3+ 36. Kg1 Qh6 0-1

[Event "Winnipeg TNT 2023.05"]
[Site "Winnipeg CAN"]
[Date "2023.05.30"]
[Round "5.4"]
[White "Schwartz, Elazar"]
[Black "Kumbharathi, Harsha"]
[Result "1/2-1/2"]
[WhiteElo "1085"]
[BlackElo "1558"]
[Annotator "aboro"]
[PlyCount "75"]
[EventDate "2023.05.02"]
[EventType "swiss"]
[EventRounds "5"]
[EventCountry "CAN"]

1. d4 d5 2. c4 e6 3. Nc3 b6 4. e4 dxe4 5. Nxe4 Bb7 6. Nc3 Nf6 7. Bg5 Bb4 8. Nf3
h6 9. Bh4 Na6 10. Be2 Be7 11. O-O O-O 12. Ne5 c5 13. dxc5 Bxc5 14. Bxf6 Qxf6
15. Nd7 Qg6 16. Bf3 Bxf3 17. Qxf3 Rfd8 18. Qb7 Nb4 19. Nxc5 bxc5 20. Rad1 Nd3
21. f4 Rdb8 22. Qe7 Rxb2 23. g3 Rc2 24. f5 Qh5 25. h4 Rxc3 26. fxe6 Nf4 27.
Qxf7+ Qxf7 28. exf7+ Kxf7 29. Rxf4+ Kg8 30. g4 Rb8 31. Rd5 Rc8 32. Kf1 Ra3 33.
Rff5 Ra5 34. g5 Rf8 35. gxh6 gxh6 36. Rxf8+ Kxf8 37. Kf2 Rxa2+ 38. Ke3 $11 {
[%eval 0,23]} 1/2-1/2

[Event "Winnipeg TNT 2023.05"]
[Site "Winnipeg CAN"]
[Date "2023.05.30"]
[Round "5.5"]
[White "Odeyemi, Emmanuel"]
[Black "Ling, Aiden"]
[Result "0-1"]
[WhiteElo "1446"]
[BlackElo "1087"]
[PlyCount "74"]
[EventDate "2023.05.02"]
[EventType "swiss"]
[EventRounds "5"]
[EventCountry "CAN"]

1. d4 d5 2. Nf3 e6 3. e3 c5 4. c4 cxd4 5. exd4 Nf6 6. Nc3 Be7 7. Qb3 Qb6 8. Qc2
Nc6 9. a3 Nxd4 10. Nxd4 Qxd4 11. Be3 Qe5 12. Bd3 d4 13. Qd2 dxe3 14. fxe3 Ng4
15. Nd1 Nxh2 16. Nf2 Bg5 17. Ne4 Bd7 18. Nxg5 Qxg5 19. O-O-O Ng4 20. Rde1 O-O-O
21. Rxh7 Rxh7 22. Bxh7 Ba4 23. Bd3 Ne5 24. Kb1 Nxd3 25. Rh1 Qf5 26. Ka1 Nc5 27.
Qa5 Nb3+ 28. Ka2 Qxa5 29. g4 Qc5 30. Re1 Qxc4 31. Kb1 Rd2 32. Ka2 Qc2 33. Rb1
Nc1+ 34. Ka1 Bb3 35. e4 e5 36. g5 g6 37. a4 a5 0-1

[Event "Winnipeg TNT 2023.05"]
[Site "Winnipeg CAN"]
[Date "2023.05.30"]
[Round "5.6"]
[White "Roberts, Allan"]
[Black "Trueman, Francis"]
[Result "1-0"]
[WhiteElo "1369"]
[BlackElo "1433"]
[PlyCount "85"]
[EventDate "2023.05.02"]
[EventType "swiss"]
[EventRounds "5"]
[EventCountry "CAN"]

1. b3 Nf6 2. Bb2 d6 3. c4 e5 4. e3 g6 5. Nc3 Nc6 6. d4 e4 7. d5 Ne5 8. Nb5 c6
9. dxc6 bxc6 10. Nd4 Qa5+ 11. Qd2 Qxd2+ 12. Kxd2 c5 13. Nb5 Kd8 14. Ne2 a6 15.
Bxe5 dxe5 16. Nbc3 Ng4 17. Ke1 Nf6 18. Rd1+ Kc7 19. h3 Be6 20. g4 Bh6 21. Ng3
Nd7 22. Ngxe4 f5 23. Ng3 Nf6 24. gxf5 gxf5 25. e4 Rad8 26. Rxd8 Rxd8 27. Nd5+
Bxd5 28. exd5 f4 29. Nf5 Bf8 30. f3 e4 31. fxe4 Nxe4 32. Bd3 Ng5 33. Kf2 Re8
34. h4 Nf7 35. h5 Ne5 36. Bc2 Ng4+ 37. Kf3 Ne3 38. Bb1 Nxf5 39. Bxf5 Bh6 40.
Bxh7 Re3+ 41. Kf2 f3 42. Rh3 Re7 43. Bg6 1-0

[Event "Winnipeg TNT 2023.05"]
[Site "Winnipeg CAN"]
[Date "2023.05.30"]
[Round "5.7"]
[White "Balamanage, Dineth"]
[Black "Liu, Shawn"]
[Result "0-1"]
[WhiteElo "1224"]
[BlackElo "1565"]
[PlyCount "129"]
[EventDate "2023.05.02"]
[EventType "swiss"]
[EventRounds "5"]
[EventCountry "CAN"]

1. e4 e5 2. Nf3 Nc6 3. Bc4 Bc5 4. O-O Nf6 5. d3 O-O 6. Nc3 d6 7. Be3 Bb6 8. Qe2
Bg4 9. h3 Bh5 10. Rfe1 Bxe3 11. Qxe3 Bxf3 12. Qxf3 Nd4 13. Qd1 Qd7 14. a4 a6
15. Nd5 Nxd5 16. exd5 b5 17. axb5 axb5 18. Bb3 Nxb3 19. cxb3 Rxa1 20. Qxa1 Qf5
21. Qb1 Ra8 22. g4 Qf3 23. Qc2 Rc8 24. Qc6 Qxd3 25. Qd7 Ra8 26. Qxc7 Qxd5 27.
Qc3 h6 28. Kh2 Re8 29. f4 e4 30. Kg3 g5 31. f5 Qe5+ 32. Qxe5 Rxe5 33. h4 d5 34.
hxg5 hxg5 35. Kf2 Kf8 36. Ke3 f6 37. Kd4 Ke7 38. Kc5 e3 39. Kxb5 d4+ 40. Kc4
Re4 41. b4 Kd6 42. b5 Kc7 43. b3 Rxg4 44. b4 Kb6 45. Re2 Rh4 46. Re1 g4 47. Re2
g3 48. Rg2 Rg4 49. Rg1 g2 50. Kd3 Kxb5 51. Ke2 Rf4 52. Rxg2 Rf2+ 53. Rxf2 exf2
54. Kxf2 Kxb4 55. Ke2 Kc3 56. Kd1 Kd3 57. Ke1 Kc2 58. Ke2 d3+ 59. Ke1 d2+ 60.
Ke2 d1=Q+ 61. Ke3 Qd2+ 62. Kf3 Qd3+ 63. Kf2 Qxf5+ 64. Kg2 Qg5+ 65. Kh3 {
and Black won} 0-1

[Event "Winnipeg TNT 2023.06"]
[Site "Winnipeg CAN"]
[Date "2023.06.06"]
[Round "1.1"]
[White "Wiebe, Isaac"]
[Black "Williams, Eric"]
[Result "1-0"]
[WhiteElo "2195"]
[BlackElo "1614"]
[PlyCount "95"]
[EventDate "2023.06.06"]
[EventType "swiss"]
[EventRounds "4"]
[EventCountry "CAN"]

1. Nf3 Nf6 2. c4 e6 3. Nc3 d5 4. e3 c6 5. b3 Nbd7 6. Qc2 Be7 7. d4 b6 8. Bd3 h6
9. O-O O-O 10. Bb2 Ba6 11. Rfd1 Rc8 12. Qe2 Ne8 13. e4 Ndf6 14. e5 Nh7 15. Rac1
Ng5 16. Ne1 Qd7 17. f4 Nh7 18. Nf3 f6 19. cxd5 Bxd3 20. dxe6 Qxd4+ 21. Nxd4
Bxe2 22. Ncxe2 fxe5 23. fxe5 Bc5 24. Rf1 Ng5 25. Rxf8+ Kxf8 26. Kf1 Ke7 27. b4
Bxd4 28. Nxd4 c5 29. bxc5 bxc5 30. Ba3 Nxe6 31. Nb3 Rc6 32. Nxc5 Nxc5 33. Rxc5
Kd7 34. Rd5+ Kc7 35. Rd2 g6 36. Ke2 h5 37. Kd3 Ng7 38. Ke4 Nf5 39. Kf4 Rc4+ 40.
Kg5 Ra4 41. Bd6+ Nxd6 42. exd6+ Kd7 43. Kxg6 h4 44. Kg5 a5 45. g4 hxg3 46. hxg3
Rc4 47. g4 Rc6 48. Kf5 1-0

[Event "Winnipeg TNT 2023.06"]
[Site "Winnipeg CAN"]
[Date "2023.06.06"]
[Round "1.2"]
[White "Melnyk, James"]
[Black "Babb, Jeff"]
[Result "0-1"]
[WhiteElo "1602"]
[BlackElo "2136"]
[PlyCount "74"]
[EventDate "2023.06.06"]
[EventType "swiss"]
[EventRounds "4"]
[EventCountry "CAN"]

1. e4 e5 2. Nc3 Nf6 3. d3 Bb4 4. Bd2 c6 5. Nf3 d6 6. Be2 O-O 7. a3 Ba5 8. b4
Bb6 9. O-O Re8 10. Rc1 Nbd7 11. Kh1 Nf8 12. Ne1 Ng6 13. Na4 Bc7 14. Be3 b5 15.
Nb2 d5 16. exd5 Nxd5 17. Bc5 Nc3 18. Qd2 Nxe2 19. Qxe2 Be6 20. c4 Qd7 21. Nf3
Nf4 22. Qe3 Bg4 23. Ng1 a5 24. f3 Bf5 25. Rfd1 Ne6 26. cxb5 cxb5 27. d4 exd4
28. Bxd4 Bf4 29. Qf2 Bxc1 30. Rxc1 Qxd4 31. Qxd4 Nxd4 32. h3 axb4 33. axb4 h6
34. Rc5 Bg6 35. Rd5 Rad8 36. Rc5 Re1 37. Kh2 Rb1 0-1

[Event "Winnipeg TNT 2023.06"]
[Site "Winnipeg CAN"]
[Date "2023.06.06"]
[Round "1.3"]
[White "Zashev, Aleksandar"]
[Black "Kumbharathi, Harsha"]
[Result "1-0"]
[WhiteElo "2074"]
[BlackElo "1564"]
[PlyCount "41"]
[EventDate "2023.06.06"]
[EventType "swiss"]
[EventRounds "4"]
[EventCountry "CAN"]

1. e4 c6 2. d4 d5 3. exd5 cxd5 4. Bd3 Nf6 5. h3 Nc6 6. Nf3 Ne4 7. c3 Bf5 8. O-O
e6 9. Bf4 Bd6 10. Bxd6 Qxd6 11. Re1 O-O 12. Bxe4 Bxe4 13. Nbd2 Bg6 14. Ne5 Ne7
15. Qg4 h6 16. Qg3 b6 17. Nxg6 Nf5 18. Qxd6 Nxd6 19. Nxf8 Kxf8 20. a4 a5 21.
Rec1 1-0

[Event "Winnipeg TNT 2023.06"]
[Site "Winnipeg CAN"]
[Date "2023.06.06"]
[Round "1.4"]
[White "Parboosingh, Keaton"]
[Black "Currie, James"]
[Result "0-1"]
[WhiteElo "1548"]
[BlackElo "1951"]
[PlyCount "80"]
[EventDate "2023.06.06"]
[EventType "swiss"]
[EventRounds "4"]
[EventCountry "CAN"]

1. d4 Nf6 2. Bf4 c5 3. e3 g6 4. Nf3 Bg7 5. c3 b6 6. Bd3 Bb7 7. O-O O-O 8. Nbd2
d6 9. Qe2 Nh5 10. Rfe1 Nd7 11. b3 Nxf4 12. exf4 e6 13. Ba6 Bd5 14. Bc4 Nf6 15.
Rac1 Bxf3 16. Nxf3 Qc7 17. g3 a6 18. a4 Qb7 19. b4 cxb4 20. cxb4 b5 21. axb5
axb5 22. Bxb5 Ra3 23. Qb2 Qxf3 24. Bc6 Qb3 25. Qxb3 Rxb3 26. b5 Nd5 27. Rb1
Rxb1 28. Rxb1 Bxd4 29. Kf1 Nb6 30. f3 Rc8 31. Ke2 Rc7 32. Kd3 e5 33. fxe5 dxe5
34. f4 f6 35. fxe5 fxe5 36. Rf1 Rf7 37. Rc1 Ra7 38. Ke4 Kg7 39. h4 Ra3 40. g4
Re3# 0-1

[Event "Winnipeg TNT 2023.06"]
[Site "Winnipeg CAN"]
[Date "2023.06.06"]
[Round "1.5"]
[White "Rutter, Blair"]
[Black "Repaka, Prabhav"]
[Result "1-0"]
[WhiteElo "1890"]
[BlackElo "1519"]
[PlyCount "153"]
[EventDate "2023.06.06"]
[EventType "swiss"]
[EventRounds "4"]
[EventCountry "CAN"]

1. c4 e5 2. g3 Bc5 3. Bg2 Nc6 4. Nc3 Nf6 5. e3 d6 6. Nge2 O-O 7. O-O Bf5 8. d3
Qd7 9. a3 a5 10. e4 Bh3 11. Bg5 Bg4 12. Bxf6 gxf6 13. Nd5 Qd8 14. h3 Be6 15.
Nec3 Nd4 16. Qh5 Kh8 17. Qh6 Rg8 18. Qxf6+ Qxf6 19. Nxf6 Rg6 20. Nfd5 c6 21.
Nc7 Rag8 22. Nxe6 fxe6 23. Kh2 b5 24. cxb5 cxb5 25. Rae1 Nb3 26. Rd1 Nd4 27. g4
h5 28. f3 Nc2 29. Rd2 Ne3 30. Rb1 hxg4 31. fxg4 Rh6 32. Kg3 Rhg6 33. Nxb5 Nxg4
34. hxg4 Rxg4+ 35. Kh2 Rh4+ 36. Bh3 Be3 37. Rg2 Bf4+ 38. Kg1 Be3+ 39. Kf1 Rf8+
40. Ke2 Rxh3 41. Nxd6 Bh6 42. Nc4 Rd8 43. Rd1 Rc8 44. Rf1 Rd8 45. Rd1 Rc8 46.
b4 axb4 47. axb4 Ra8 48. Rb1 Ra2+ 49. Rb2 Rxb2+ 50. Nxb2 Bf4 51. Nc4 Rh1 52. b5
Rb1 53. b6 Kh7 54. Rf2 Bh6 55. Rf7+ Kg8 56. Re7 Bf8 57. Rxe6 Bc5 58. Rxe5 Bxb6
59. Nxb6 Rxb6 60. Rf5 Kg7 61. Ke3 Kg6 62. d4 Rb1 63. d5 Rb3+ 64. Kd4 Rb4+ 65.
Ke5 Rb8 66. Rf3 Re8+ 67. Kd4 Kg5 68. e5 Kg4 69. Rf7 Kg5 70. d6 Kg6 71. Rf2 Kg7
72. Kd5 Rf8 73. Rxf8 Kxf8 74. e6 Ke8 75. Kc5 Kf8 76. Kc6 Ke8 77. Kc7 1-0

[Event "Winnipeg TNT 2023.06"]
[Site "Winnipeg CAN"]
[Date "2023.06.06"]
[Round "1.6"]
[White "Parboosingh, Harrison"]
[Black "Bince, Rolando"]
[Result "0-1"]
[WhiteElo "1499"]
[BlackElo "1876"]
[PlyCount "90"]
[EventDate "2023.06.06"]
[EventType "swiss"]
[EventRounds "4"]
[EventCountry "CAN"]

1. e4 Nf6 2. e5 Nd5 3. c4 Nb6 4. d4 d6 5. exd6 cxd6 6. Nf3 g6 7. Be3 Bg7 8. Nc3
O-O 9. Qd2 Bg4 10. h4 Bxf3 11. gxf3 Nc6 12. Bd3 e5 13. d5 Nd4 14. Bxd4 exd4 15.
Nb5 Re8+ 16. Kd1 a6 17. Na3 Qf6 18. Be2 Na4 19. Rb1 d3 20. Bxd3 Nxb2+ 21. Kc2
b5 22. Be4 Nxc4 23. Nxc4 Rac8 24. Rb3 Rxc4+ 25. Kd1 Rec8 26. Ke2 Qe5 27. Kf1
Rc1+ 28. Kg2 Rxh1 29. Kxh1 Rc4 30. Kg2 f5 31. Bd3 Rxh4 32. Qe3 Rh2+ 33. Kf1
Qxe3 34. fxe3 Rxa2 35. e4 fxe4 36. fxe4 Be5 37. Bb1 Rb2 38. Rxb2 Bxb2 39. Bd3
Kf7 40. Kf2 Kf6 41. Ke3 Ke5 42. Be2 h5 43. Kd3 a5 44. Ke3 b4 45. Bc4 g5 0-1

[Event "Winnipeg TNT 2023.06"]
[Site "Winnipeg CAN"]
[Date "2023.06.06"]
[Round "1.7"]
[White "Abdildin, Amangeldi"]
[Black "Bilugan, Mason"]
[Result "1-0"]
[WhiteElo "1835"]
[BlackElo "1450"]
[PlyCount "57"]
[EventDate "2023.06.06"]
[EventType "swiss"]
[EventRounds "4"]
[EventCountry "CAN"]

1. d4 Nf6 2. c4 c5 3. Nf3 cxd4 4. Nxd4 Nc6 5. Nc3 e6 6. Bg5 Be7 7. e3 h6 8. Bh4
O-O 9. Be2 Qb6 10. Nb3 Qd8 11. O-O b6 12. Bf3 Qc7 13. Nb5 Qd8 14. Bg3 Bb7 15.
Nd6 Rb8 16. Nxb7 Rxb7 17. Nd4 Qc8 18. Qa4 Nxd4 19. exd4 d5 20. cxd5 Nxd5 21.
Rac1 Qd7 22. Qc4 Rc7 23. Bxc7 Rc8 24. Bxd5 exd5 25. Qc6 Qf5 26. Qb7 Bf6 27. Be5
Rxc1 28. Rxc1 Bg5 29. Qc8+ 1-0